000 00617nam a22001937a 4500
005 20250110123331.0
008 250110b |||||||| |||| 00| 0 eng d
020 _a9780538466769
050 _aHF5387
_b.C35 CAR
100 _aBuchholtz Ann K.
245 _aBusiness and Society:
_bEthics and Stakeholder Management/
_cAnn K. Buchholtz & Archie B. Carroll
250 _a8th Ed.
260 _aNew York
_bSouth-Western, Cengage Learning
_c2012
300 _axxiv. 760p.
_bill. col.
_c25.5 cm x 20.5 cm
500 _aIncludes Index
650 _2Management
700 _aArchie B. Carroll
942 _2lcc
_cBK
_e8th Ed.
_n0
999 _c2505
_d2505